000 00475nam a2200181Ia 4500
008 131103s9999 xx 000 0 und d
040 _aLoreto College
041 _aEnglish
082 _a372.4/SPE
_bLCBED/1549
100 _aSpencer, Jane
245 _aSixty letter and reading games
_cJane Spencer
260 _aLondon
_bMacmillan
_c1952
300 _a63p
_c 18cm.
650 _aElementary education
651 _aEducation
850 _aLCBED/372.4/SPE
942 _cBK
999 _c27423
_d77902